00976cam a2200229 i 450000100100000000500170001000800410002701000130006804000230008104300120010405000180011610000280013424501030016226000990026530000290036449000600039350400410045365000410049465000460053570000230058181001420060400001166220200929162523.0800813s1976 gt a b 000 0 spa  a80116150 aDO-SdBNPcDLCdDLC ancgt---00aNK857.A57bD52 aDiaz Castillo, Roberto.10aArtes y artesanias populares de Sacatepequez /cRoberto Diaz Castillo ; fotos de Mauro Calanchina. a[Guatemala] :bUniversidad de San Carlos de Guatemala, Centro de Estudios Folkloricos,cc1976. a713 p. :bill. ;c20 cm.1 aColeccion breve - Centro de Estudios Folkloricos ; v. 2 aIncludes bibliographical references. 0aDecorative artszGuatemalazAntigua. 0aDecorative artszGuatemalazSacatepequez.1 aCalanchina, Mauro.1 aGuatemala (City).bUniversidad de San Carlos.bCentro de Estudios Folkloricos.tColeccion breve - Centro de Estudios Folkloricos ;vv. 2.